<?xml version="1.0" encoding="UTF-8"?>
<collection xmlns="http://www.loc.gov/MARC21/slim">
 <record>
  <leader>09327nam a2200373 a 4500</leader>
  <controlfield tag="001">kal2765</controlfield>
  <controlfield tag="003">Gr-AtHEAL</controlfield>
  <controlfield tag="005">20160427074448.0</controlfield>
  <controlfield tag="006">m        d        </controlfield>
  <controlfield tag="008">160413s2015    gr      s           gre|c</controlfield>
  <datafield tag="020" ind1=" " ind2=" ">
   <subfield code="a">9789606030864</subfield>
  </datafield>
  <datafield tag="040" ind1=" " ind2=" ">
   <subfield code="a">GR-AtHEAL</subfield>
   <subfield code="b">gre</subfield>
   <subfield code="c">GR-AtHEAL</subfield>
  </datafield>
  <datafield tag="082" ind1="0" ind2="4">
   <subfield code="a">004.01</subfield>
   <subfield code="2">23</subfield>
  </datafield>
  <datafield tag="100" ind1="1" ind2=" ">
   <subfield code="a">Κουτσαμπάσης, Παναγιώτης.</subfield>
   <subfield code="8">1938</subfield>
  </datafield>
  <datafield tag="245" ind1="1" ind2="0">
   <subfield code="a">Αξιολόγηση διαδραστικών συστημάτων με επίκεντρο τον χρήστη</subfield>
   <subfield code="h">[Ηλεκτρονικός πόρος] </subfield>
   <subfield code="b">Ευχρηστία, προσβασιμότητα, συνεργατική εργασία, εμπειρία του χρήστη</subfield>
   <subfield code="c">Κουτσαμπάσης, Παναγιώτης ; Κριτικός αναγνώστης,Λέπουρας, Γεώργιος ; Γλωσσική επιμέλεια,Κάσδαγλη, Στέλλα-Γεωργία.</subfield>
  </datafield>
  <datafield tag="260" ind1=" " ind2=" ">
   <subfield code="a">Αθήνα :</subfield>
   <subfield code="b">Σύνδεσμος Ελληνικών Ακαδημαϊκών Βιβλιοθηκών,</subfield>
   <subfield code="c">c2015.</subfield>
  </datafield>
  <datafield tag="490" ind1=" " ind2=" ">
   <subfield code="a">Ακαδημαϊκά Ηλεκτρονικά Συγγράμματα και Βοηθήματα Κάλλιπος</subfield>
   <subfield code="8">40</subfield>
  </datafield>
  <datafield tag="505" ind1="0" ind2=" ">
   <subfield code="a">Εισαγωγή: Ιστορική εξέλιξη της αξιολόγησης στην Αλληλεπίδραση Ανθρώπου-υπολογιστή, διαστάσεις της αξιολόγησης: εμπειρική διαδικασία, συμμετέχοντες, ποσοτική/ποιοτική, διαμορφωτική/συμπερασματική, αντικειμενική/υποκειμενική, ο τόπος και ο χρόνος της αξιολόγησης. ΚΕΦΑΛΑΙΟ Α: ΑΞΙΟΛΟΓΗΣΗ ΕΥΧΡΗΣΤΙΑΣ. 1. ΘΕΩΡΗΤΙΚΗ ΑΝΤΙΜΕΤΩΠΙΣΗ: Ιστορική εξέλιξη και σημαντικές έννοιες, «Νόμοι» ευχρηστίας, Αρχές ευχρηστίας, ΠΡΑΚΤΙΚΗ ΑΝΤΙΜΕΤΩΠΙΣΗ: Επιθεωρήσεις ευχρηστίας, Δοκιμές ευχρηστίας (γενική διαδικασία, διαμορφωτικές, συμπερασματικές), Ερωτηματολόγια διερεύνησης της ικανοποίησης χρηστών.ΚΕΦΑΛΑΙΟ Β: ΑΞΙΟΛΟΓΗΣΗ ΠΡΟΣΒΑΣΙΜΟΤΗΤΑΣ.1. ΘΕΩΡΗΤΙΚΗ ΑΝΤΙΜΕΤΩΠΙΣΗ: Ιστορική εξέλιξη και σημαντικές έννοιες, Επιχειρήματα υπέρ της προσβασιμότητας, Ανάγκες, εμπόδια και προκλήσεις προσβασιμότητας, Αρχές καθολικής σχεδίασης, Οδηγίες διασφάλισης προσβασιμότητας. 2. ΠΡΑΚΤΙΚΗ ΑΝΤΙΜΕΤΩΠΙΣΗ: ΜΕΘΟΔΟΙ ΚΑΙ ΕΡΓΑΛΕΙΑ: Επιθεωρήσεις προσβασιμότητας, Τεχνικοί έλεγχοι προσβασιμότητας, Δοκιμές προσβασιμότητας με χρήστες.ΚΕΦΑΛΑΙΟ Γ: ΑΞΙΟΛΟΓΗΣΗ ΕΜΠΕΙΡΙΑΣ ΧΡΗΣΤΗ. 1. ΘΕΩΡΗΤΙΚΗ ΑΝΤΙΜΕΤΩΠΙΣΗ: Ιστορική εξέλιξη και σημαντικές έννοιες, Εννοιολογικά πλαίσια της εμπειρίας του χρήστη. 2. ΠΡΑΚΤΙΚΗ ΑΝΤΙΜΕΤΩΠΙΣΗ: ΜΕΘΟΔΟΙ. Μέθοδοι αξιολόγησης της προσδοκώμενης εμπειρίας (Αξιολόγηση πρωτοτύπων στο χαρτί, Ταξινόμηση καρτών, Χαρτογράφηση πλαισίου), Μέθοδοι αξιολόγησης της εμπειρίας κατά τη χρήση (Μελέτες πεδίου, Online μελέτες εμπειρίας, Ανάλυση δεδομένων χρήσης, Αξιολόγηση εμπειρίας μέσω ανίχνευσης ματιού), Μέθοδοι αξιολόγησης της εμπειρίας σε βάθος χρόνου (Μελέτες ημερολογίου, Η καμπύλη της εμπειρίας του χρήστη). ΚΕΦΑΛΑΙΟ Δ: ΑΞΙΟΛΟΓΗΣΗ ΣΥΝΕΡΓΑΤΙΚΗΣ ΕΡΓΑΣΙΑΣ. 1. ΘΕΩΡΗΤΙΚΗ ΑΝΤΙΜΕΤΩΠΙΣΗ: Ιστορική εξέλιξη και σημαντικές έννοιες, Κατηγοριοποιήσεις τεχνολογιών (συνεργατικής εργασίας), Προσδιοριστικές ιδιότητες, Κατηγορίες, Κοινωνική και οργανωσιακή δυναμική. 2. ΠΡΑΚΤΙΚΗ ΑΝΤΙΜΕΤΩΠΙΣΗ: Εθνογραφία, Θεωρία Δραστηριοτήτων, Μελέτες περίπτωσης, Πειράματα συνεργατικής εργασίας, Διαμήκεις μελέτες, Έρευνες συνεργατικής εργασίας.</subfield>
  </datafield>
  <datafield tag="520" ind1=" " ind2=" ">
   <subfield code="a">Καθημερινά χρησιμοποιούμε διαδραστικά συστήματα (interactive systems) τεχνολογιών όπως παγκόσμιου ιστού, φορητών τηλεφώνων, εικονικών κόσμων, που παρέχουν υπηρεσίες σε εύρος περιοχών εφαρμογής - όπως ενημέρωση, διακυβέρνηση, εκπαίδευση και εργασία. Η αξιολόγηση με επίκεντρο το χρήστη είναι μια σημαντική δραστηριότητα εξασφάλισης της ποιότητας των διαδραστικών συστημάτων που εξετάζει το βαθμό στον οποίο το σύστημα ικανοποιεί και είναι συμβατό με τις προσδοκίες, τους στόχους, τις γνώσεις και τις ικανότητες των χρηστών.  Η αξιολόγηση είναι μία από τις τρεις περιοχές έμφασης του πρότυπου προγράμματος σπουδών του γνωστικού αντικειμένου της Αλληλεπίδρασης Ανθρώπου Υπολογιστή (Human-Computer Interaction) σύμφωνα με την ACM (Association of Computing Machinery). Επίσης, είναι μια από τις τρεις αρχές της χρηστοκεντρικής σχεδίασης (user centered design) σύμφωνα με το πρότυπο ISO 13407. Επιπλέον περιλαμβάνεται ως αναγκαία δραστηριότητα σε κάθε μοντέλο του κύκλου ζωής των διαδραστικών συστημάτων. Παρότι υπάρχει πλήθος μεθόδων αξιολόγησης διαδραστικών συστημάτων με επίκεντρο τον χρήστη, σε κάποιες περιπτώσεις η αξιολόγηση δεν αντιμετωπίζεται με τη δέουσα επιμέλεια, γίνεται βιαστικά, συχνά στη βάση λίγων κριτηρίων, ή και καθόλου. Το αποτέλεσμα είναι δυσάρεστες εμπειρίες των χρηστών όπως λάθη, αδιέξοδα αλληλεπίδρασης, αδυναμία κατανόησης και επίτευξης στόχων και εν τέλει μικρή αποδοχή των συστημάτων. Η παραπάνω αντιμετώπιση αλλάζει σταδιακά, ιδιαίτερα στο εξωτερικό, αλλά και στην Ελλάδα. Η μεθοδολογική αξιολόγηση της εμπειρίας του χρήστη κατά κύριο λόγο αφορά τη μελέτη ευχρηστίας (usability), προσβασιμότητας (accessibility), συνεργατικής εργασίας (collaborative work) και εμπειρίας (user experience) των χρηστών. Το βιβλίο παρουσιάζει σημαντικό εύρος μεθόδων αξιολόγησης με πρακτικά παραδείγματα. Με τη χρήση του, οι φοιτητές και επαγγελματίες που μελετούν την Αλληλεπίδραση Ανθρώπου-Υπολογιστή θα εμβαθύνουν στις μεθόδους αξιολόγησης και θα καθοδηγηθούν για την εφαρμογή τους.</subfield>
  </datafield>
  <datafield tag="650" ind1=" " ind2="0">
   <subfield code="a">Interactive computer systems</subfield>
   <subfield code="x">Evaluation</subfield>
   <subfield code="8">2592</subfield>
  </datafield>
  <datafield tag="650" ind1=" " ind2="0">
   <subfield code="a">Human-computer interaction</subfield>
   <subfield code="8">2593</subfield>
  </datafield>
  <datafield tag="653" ind1=" " ind2=" ">
   <subfield code="a">Εμπειρία του χρήστη</subfield>
  </datafield>
  <datafield tag="653" ind1=" " ind2=" ">
   <subfield code="a">Συνεργατική εργασία</subfield>
  </datafield>
  <datafield tag="653" ind1=" " ind2=" ">
   <subfield code="a">Προσβασιμότητα</subfield>
  </datafield>
  <datafield tag="653" ind1=" " ind2=" ">
   <subfield code="a">Ευχρηστία</subfield>
  </datafield>
  <datafield tag="653" ind1=" " ind2=" ">
   <subfield code="a">Διαδραστικό σύστημα</subfield>
  </datafield>
  <datafield tag="653" ind1=" " ind2=" ">
   <subfield code="a">Αξιολόγηση</subfield>
  </datafield>
  <datafield tag="653" ind1=" " ind2=" ">
   <subfield code="a">Επιστήμη υπολογιστών/πληροφορική</subfield>
  </datafield>
  <datafield tag="700" ind1="1" ind2=" ">
   <subfield code="a">Λέπουρας, Γεώργιος</subfield>
   <subfield code="e">Κριτικός αναγνώστης</subfield>
   <subfield code="8">1939</subfield>
  </datafield>
  <datafield tag="856" ind1="4" ind2="0">
   <subfield code="u">http://hdl.handle.net/11419/2765</subfield>
   <subfield code="z">Πλήρες Κείμενο - Full text</subfield>
  </datafield>
  <datafield tag="907" ind1=" " ind2=" ">
   <subfield code="a">.b25677822</subfield>
   <subfield code="b">12-06-18</subfield>
   <subfield code="c">29-07-16</subfield>
  </datafield>
  <datafield tag="949" ind1=" " ind2=" ">
   <subfield code="0">0</subfield>
   <subfield code="1">0</subfield>
   <subfield code="2">ddc</subfield>
   <subfield code="4">0</subfield>
   <subfield code="6">004_010000000000000_ΚΟΥ</subfield>
   <subfield code="7">0</subfield>
   <subfield code="8">KALL</subfield>
   <subfield code="8">540</subfield>
   <subfield code="d">2016-04-13</subfield>
   <subfield code="r">2016-04-13</subfield>
   <subfield code="w">2016-04-13</subfield>
   <subfield code="z">004.01 ΚΟΥ</subfield>
   <subfield code="o">SEAB KALLIPOS</subfield>
  </datafield>
  <datafield tag="998" ind1=" " ind2=" ">
   <subfield code="a">80</subfield>
   <subfield code="a">01</subfield>
   <subfield code="a">02</subfield>
   <subfield code="a">03</subfield>
   <subfield code="a">04</subfield>
   <subfield code="a">05</subfield>
   <subfield code="a">06</subfield>
   <subfield code="a">07</subfield>
   <subfield code="a">08</subfield>
   <subfield code="a">09</subfield>
   <subfield code="a">10</subfield>
   <subfield code="a">11</subfield>
   <subfield code="a">12</subfield>
   <subfield code="a">13</subfield>
   <subfield code="a">14</subfield>
   <subfield code="a">15</subfield>
   <subfield code="a">16</subfield>
   <subfield code="a">17</subfield>
   <subfield code="a">18</subfield>
   <subfield code="a">19</subfield>
   <subfield code="a">20</subfield>
   <subfield code="a">21</subfield>
   <subfield code="a">22</subfield>
   <subfield code="a">23</subfield>
   <subfield code="a">24</subfield>
   <subfield code="a">25</subfield>
   <subfield code="a">26</subfield>
   <subfield code="b">11-05-17</subfield>
   <subfield code="c">m</subfield>
   <subfield code="d">z  </subfield>
   <subfield code="e">-</subfield>
   <subfield code="f">gre</subfield>
   <subfield code="g">gr </subfield>
   <subfield code="h">0</subfield>
  </datafield>
  <datafield tag="942" ind1=" " ind2=" ">
   <subfield code="2">ddc</subfield>
   <subfield code="c">KALLIPOS</subfield>
  </datafield>
 </record>
</collection>
